000 01178nam a2200313 a 4500
001 ebr10310900
003 CaPaEBR
006 m u
007 cr cn|||||||||
008 081212s2009 caua s 001 0 eng
010 _z 2008052768
020 _z9781593271916 (pbk.)
020 _z1593271913
040 _aCaPaEBR
_cCaPaEBR
035 _a(OCoLC)560644108
050 1 4 _aTK5105.75
_b.R667 2009eb
082 0 4 _a004.6
_222
100 1 _aRoss, John,
_d1947-
245 1 0 _aNetwork know-how
_h[electronic resource] :
_ban essential guide for the accidental admin /
_cby John Ross.
260 _aSan Francisco :
_bNo Starch Press,
_cc2009.
300 _axvii, 266 p. :
_bill.
500 _aIncludes index.
533 _aElectronic reproduction.
_bPalo Alto, Calif. :
_cebrary,
_d2013.
_nAvailable via World Wide Web.
_nAccess may be limited to ebrary affiliated libraries.
650 0 _aHome computer networks.
650 0 _aComputer networks
_xManagement.
655 7 _aElectronic books.
_2local
710 2 _aebrary, Inc.
856 4 0 _uhttp://site.ebrary.com/lib/rucke/Doc?id=10310900
_zAn electronic book accessible through the World Wide Web; click to view
999 _c175961
_d175961